World History and Geography By Letter - Z - Statistics

General Stats
  • This quiz has been taken 1,575 times
  • The average score is 8 of 15
Answer Stats
Hint Answer % Correct
Capital of Croatia Zagreb
95%
Country under the dictatorship of Robert Mugabe Zimbabwe
91%
Country where Victoria Falls lie Zambia
90%
Largest city in Switzerland Zurich
90%
Now known as the Democratic Republic of the Congo Zaire
86%
Semi-autonomous island of Tanzania, off East Africa Zanzibar
77%
Second word of Australasian archipelago including North and South Island Zealand
64%
Type of Polish coin Zloty
59%
Capital of Aragon Zaragoza
48%
Name of telegram sent to Mexico by Germany in WWI Zimmerman
37%
Russian hero general of WWII General Zhukov
29%
King of Albania from 1925 to 1939 King Zog
19%
Second word of northern Russian island Zemlya
13%
City in south-eastern Ukraine Zaporizhia
8%
Small Saudi Arabian island in the Red Sea Zufaf
1%
No matching quizzes found
Score Distribution
Percent of People with Each Score
Percentile by Number Answered
Your Score History
You have not taken this quiz